UNESCO and a world society (Record no. 2711)

000 -LEADER
fixed length control field 00409nam a22001457a 4500
008 - FIXED-LENGTH DATA ELEMENTS--GENERAL INFORMATION
fixed length control field 200313b ||||| |||| 00| 0 eng d
082 00 - DEWEY DECIMAL CLASSIFICATION NUMBER
Classification number 060
Item number H6779
110 ## - MAIN ENTRY--CORPORATE NAME
9 (RLIN) 2327
Corporate name or jurisdiction name as entry element Ministry of Education, London
245 10 - TITLE STATEMENT
Title UNESCO and a world society
260 ## - PUBLICATION, DISTRIBUTION, ETC. (IMPRINT)
Place of publication, distribution, etc London
Name of publisher, distributor, etc His Majesty's Stationery Office
Date of publication, distribution, etc 1948
300 ## - PHYSICAL DESCRIPTION
Extent 46 p.
365 ## - TRADE PRICE
Unit of pricing 0.12
650 #0 - SUBJECT ADDED ENTRY--TOPICAL TERM
Topical term or geographic name as entry element UNESCO
942 ## - ADDED ENTRY ELEMENTS (KOHA)
Item type Books
Holdings
Withdrawn status Lost status Source of classification or shelving scheme Damaged status Not for loan Permanent location Current location Date acquired Source of acquisition Full call number Barcode Date last seen Koha item type
          IMU Kolkata IMU Kolkata 1954-03-26 A. H. Wheeler 060 H6779 02123 2020-03-13 Books
Designed and Maintained by IMU-KC Library, Kolkata Campus © Copyright All Rights Reserved

webs counters

Powered by Koha